Statistics for Countries Starting with the Letter G

Click here to take the quiz!

General Stats

  • This quiz has been taken 49 times
  • The average score is 10 of 11

Answer Stats

ContinentCountry% Correct
EuropeGermany
96%
North AmericaGuatemala
93%
South AmericaGuyana
91%
AfricaGabon
89%
EuropeGreece
87%
AfricaGuinea
87%
AfricaGhana
85%
North AmericaGrenada
85%
AfricaGuinea Bissau
83%
AsiaGeorgia
80%
AfricaGambia
78%

Score Distribution

Percentile by Number Answered

Percent of People with Each Score

Your Score History

You have not taken this quiz